000 00925nam a22002295i 4500
001 176746
003 ES-MaACL
005 20230906220154.0
008 110207s1962 fr |||| | fre d
080 _a351.773:639.2
245 0 0 _aRéglements sanitaires pour le poisson et les produits de la pêche.
260 _a[Paris] :
_bl'Organisation de Coopération et de Développement Économiques,
_cD. L. 1962.
300 _a202 p. ;
_c24 cm.
490 1 _aDocumentation dans l'agriculture et l'alimentation. Série 1962 ;
_v51
546 _aTexto en francés.
650 0 4 _aProductos pesqueros-
_vLegislación.
_9145061
650 4 _aAlimentos-
_xInspección sanitaria.
_9145064
710 2 _aOrganización de Cooperación y Desarrollo Económico.
_9167502
830 0 _aDocumentation dans l'agriculture et l'alimentation. Série 1962 ;
_v51
_9190220
852 _aES-MaACL
_jE-14206
_xOlim P-969-bis
999 _c176746
_d176746